00434nam a2200181 a 4500001000400000003000900004008004100013040002800054082001300082100002800095245001400123250000700137260004800144300001500192500002300207650001000230650001200240781CO-ViMGA141112s2004 ck r 000 u spa d aCO-ViMGAbspacCO-ViMGA04a540 B7411 aBriaño B, Carlos Omar10aQuímica a2a aSantafé de Bogotá : bEducativa, c1997 a681 p : il aIncluya disquet. 14aATOMO14aQUIMICA